Ján Martin Novacký o ochrane prírody na Slovensku

Bibliographic Details
Main Author: Stollmann, Andrej, 1932- (Author)
Format: Article
Language:Slovak
PhysicalDescription:Fotogr. 1, obr. 1
ISSN:1335-1737
Subjects:

MARC

LEADER 00000nab a2200000 a 4500
001 vtls000630537
003 SK-MaSNL
005 20260304093610.0
008 250425c1997 xo 0 slo
015 |a SNBRB19rr/mm-uuuuu 
035 |a CL0630676 
035 |a urn:nbn:sk:snk-aba00f 
035 |a (urnnbn)urn:nbn:sk:snk:ar-a0974c 
035 |a (uuid)11fd6db4-9c6a-47e8-8651-a8f77a56da4a 
040 |a SNKBUCL  |b slo  |c SNKBUCL  |e AACR2 
041 0 |a slo 
044 |a xo  |c SK 
080 |a 58-051  |2 1981 
080 |a 502.3  |2 1981 
080 |a 929 Novacký, Ján Martin  |2 1981 
100 1 |a Stollmann, Andrej,  |d 1932-  |4 aut  |9 8962 
245 1 0 |a Ján Martin Novacký o ochrane prírody na Slovensku  |c Andrej Štollmann 
300 |b Fotogr. 1, obr. 1 
600 1 7 |a Novacký, Ján Martin,  |d 1899-1956  |2 snkbucl  |9 104066 
655 7 |a články z novín a časopisov  |2 snkbucl  |9 267496 
773 0 |t Chránené územia Slovenska  |g Č. 32 (1997), s. 47-48  |x 1335-1737 
850 |a Slovenská národná knižnica 
852 |a Slovenská národná knižnica 
954 |a odborná, vedecká literatúra pôvodná (slovenská)  |2 lita 
958 |a article13 
958 |a SK 
958 |a BX 
958 |a RK 
958 |a OND 
958 |a EUIPO 
992 |a RBX 
999 |c 2823821  |d 2825751